Fundamentals of turbomachines (Record no. 41304)

000 -LEADER
fixed length control field 00597nam a22002175i 4500
001 - CONTROL NUMBER
control field 41304
003 - CONTROL NUMBER IDENTIFIER
control field BD-DhUET
008 - FIXED-LENGTH DATA ELEMENTS--GENERAL INFORMATION
fixed length control field 141021s2015 nyu 000 0 eng
020 ## - INTERNATIONAL STANDARD BOOK NUMBER
International Standard Book Number 9789402403480
040 ## - CATALOGING SOURCE
Original cataloging agency DLC
Language of cataloging eng
Transcribing agency DLC
Modifying agency BD-DhUET
082 ## - DEWEY DECIMAL CLASSIFICATION NUMBER
Classification number 621.406
Item number DIC/2015
100 ## - MAIN ENTRY--PERSONAL NAME
Personal name Dick, Erik
245 00 - TITLE STATEMENT
Title Fundamentals of turbomachines
250 ## - EDITION STATEMENT
Edition statement 1st ed.
260 ## - PUBLICATION, DISTRIBUTION, ETC. (IMPRINT)
Place of publication, distribution, etc. New York
Name of publisher, distributor, etc. Springer Science+Business Media
Date of publication, distribution, etc. 2015
300 ## - PHYSICAL DESCRIPTION
Extent xxviii, 564 p.
490 ## - SERIES STATEMENT
Series statement Fluid mechanics and its applications;Volume 109
504 ## - BIBLIOGRAPHY, ETC. NOTE
Bibliography, etc Includes bibliographies
650 #0 - SUBJECT ADDED ENTRY--TOPICAL TERM
Topical term or geographic name as entry element Turbomachines
942 ## - ADDED ENTRY ELEMENTS (KOHA)
Koha item type General Book
Holdings
Lost status Koha normalized classification for sorting Koha date last borrowed Price effective from Copy number Koha date last seen Koha issues (times borrowed) Koha full call number Location (home branch) Source of classification or shelving scheme Not for loan Koha item type Sublocation or collection (holding branch) Withdrawn status Koha out on loan Piece designation (barcode) Koha renewals Shelving location Damaged status Date acquired
 621_406000000000000_DIC_2015 2018-07-0412018-07-04 621.406/DIC/2015Central Library, BUET  General BookCentral Library, BUET  116276 Circulation section 2018-06-23
 621_406000000000000_DIC_2015 2018-07-0422018-07-04 621.406/DIC/2015Central Library, BUET  General BookCentral Library, BUET  116277 Circulation section 2018-06-23
 621_406000000000000_DIC_2015 2018-07-1732018-07-17 621.406/DIC/2015Central Library, BUET  General BookCentral Library, BUET  116359 Circulation section 2018-06-23
 621_406000000000000_DIC_20152020-02-102018-07-1742020-02-101621.406/DIC/2015Central Library, BUET  General BookCentral Library, BUET 2023-09-201163601Circulation section 2018-06-23